MDQL
is popping MORE tags! Check the
thread
!
Quizzes
Events
Quiz Creation
Community
Videos
Private Events
Remove Ads
Sign In
Join for FREE
Feedback
Dark Mode
Quiz Categories
Sports
Geography
Music
Movies
Television
Just For Fun
Miscellaneous
History
Literature
Language
Science
Gaming
Entertainment
Religion
Holiday
For Kids
Quiz Lab
Recent
Popular Today
Quiz Kudos Today
Editor Picks
Curator Picks
Quizzes by...
Day
Popularity
Type
Ratings
Length
Year
Community
Subscriptions
Recent Discussions
Orange Saloon
Badges
Playlists
Quests
Create
Leaderboards
Showdown
Live 5
Trivia Bingo
Activity
Puzzle Library
Sporcle Events
Private Events
Virtual Trivia
Globe League
Become a Host
Pub Owners
SporcleCon
Opinionation
Our Games
Videos
Blog
Mobile Apps
Partnerships
Remove Ads and Go Orange
Feedback
Television
TV Characters
TV Show
Sitcom
Network
Friends
Reality Shows
Cast
South Park
Star Trek
The Simpsons
Doctor Who
Television
TV Characters
TV Show
Sitcom
Network
Friends
Reality Shows
Cast
South Park
Star Trek
The Simpsons
Doctor Who
Random Quiz
Search Sporcle
×
Quiz Lab
Quiz Lab
Television
Show
Type in answers that appear in a list
Type in answers that appear in a list
Classic
Best Score? Go Orange.
TV Families2 Stats
Can you name the last name of the main family from these shows?
By
godzilla28
7m
30 Questions
136 Plays
136 Plays
136 Plays
Comments
Comments
Give Quiz Kudos
Give Quiz Kudos
-
- Ratings
hide this ad
Replay
Link that replays current quiz
Next Quiz
Link to next quiz in quiz playlist
You Got
0%
They Got
Avg Score
37%
Avg Friend Score
Upgrade to see
Score Distribution
Jump to the score distribution portion of the page
Score
0/30
Timer
07:00
0
Plays Today
Show
Last Name
% Correct
The Cosby Show
Huxtable
84.6%
Growing Pains
Seaver
77.2%
Married with Children
Bundy
77.2%
Family Ties
Keaton
75.7%
Roseanne
Conner
75.7%
The Wonder Years
Arnold
70.6%
All in the Family
Bunker
70.6%
The Fresh Prince of Bel-
Air
Banks
66.9%
Family Matters
Winslow
59.6%
Family Guy
Griffin
55.9%
Two and a Half Men
Harper
52.9%
Boy Meets World
Matthews
45.6%
The Honeymooners
Kramden
43.4%
Beverly Hills 90210
Walsh
41.2%
King of Queens
Heffernan
37.5%
Show
Last Name
% Correct
Who's the Boss?
Bower
34.6%
ALF
Tanner
31.6%
My Name is Earl
Hickey
28.7%
Coach
Fox
19.9%
Blossom
Russo
18.4%
3rd Rock from the Sun
Solomon
16.2%
My So Called Life
Chase
6.6%
Charles in Charge
Powell
5.1%
Silver Spoons
Stratton
5.1%
Amen
Frye
4.4%
Empty Nest
Weston
4.4%
Just the 10 of us
Lubbock
3.7%
Mr. Belvedere
Owens
3.7%
Too Close for Comfort
Rush
2.9%
Webster
Papadapolis
2.9%
Quiz Playlist
Details
Report
Send in Message
Add To Playlist
Classic:
Type in answers that appear in a list
Last Updated: Feb 16, 2017
Quiz Scoreboard
CHALLENGE
Sign Up to Join the Scoreboard
Show All
Scores
Hide
Comments
May contain spoilers
Recently Published
5x2 Blitz: Bands
by SL_Kpop136
Music
30s
Colored Red Africa Blitz
by spor1
Geography
30s
Find the 'City' Movie
by crazypaving
Movies
60s
More to Explore
Quiz From the Vault
Featured Blog Post
14 Easter Pick-up Lines to Find Eggs With
hide this ad
You Might Also Like...
Tags
Show Quiz
Family
last
Today's Top Quizzes in Television
Browse Television
hide this ad
Today's Top Quizzes in Show
Browse Show
Top Contributed Quizzes in Television
1
Survivor Journey Challenge
2
Brooklyn Nine Nine Logic Puzzle (How-To-Play)
3
Phoebe Buffay Quotes
4
Survivor Trivia
5
Survivor Logic Puzzle: Heroes vs. Villains
6
One Tree Hill Logic Puzzle
7
Survivor Heroes vs. Villains Logic Puzzle
8
All US Survivor Seasons in Order
9
Game of Thrones: Tywin Lannister Start to Finish
10
Emmerdale Characters (from August 2012)
Explore More
Trending Topics
NBA
Marvel
Harry Potter
Disney
Kpop
Anime
Crossword
WWE
NFL
Soccer
Song
Puzzle
Pokémon
Country
The Office
hide this ad
More By:
godzilla28
Quiz
Plays
Rating
Category
Featured
Created
2010 season 300+ yds QB's
2,020
4.50
Sports
Jan 7, 2011
Countries with the most cocaine users
540
1.86
Miscellaneous
Jul 9, 2010
Interstate 80 in the US
369
3.50
Geography
Jul 16, 2010
Tecmo Bowl
342
4.00
Sports
Sep 11, 2010
name that movie
312
3.33
Movies
Sep 6, 2010
Go to Creator's Profile
Score Distribution
Quiz Creator Spotlight
godzilla28
Follow
Send a Message
Quizzes Created
-
Created Quiz Play Count
-
More By This Creator
Popular Quizzes Today
1
Colored Red Africa Blitz
2
Find the 'City' Movie
3
Find the US States - No Outlines Minefield
4
5x2 Blitz: Bands
5
The Countries of the World
6
Find the US States
7
US States
8
9x9 Crossword: Cartoon Network
More Television Quizzes
1960s TV Theme Songs: Lyrics or Not?
Published
Trending Quizzes
Colored Red Europe Blitz I
Colored Red Europe Blitz II
Colored Red Africa Blitz II
Colored Red Europe Blitz III
Colored Red Africa Blitz III
Recently Updated
How Do You Spell That?
pecheneg
Godzilla Movies
pecheneg
Grab Bag: 4-10 Letters
pecheneg
2024 March Madness Bracket
pecheneg
Famous TV Couples
Peacemaker
Champions League XIs: Real Madrid
pecheneg
Largest US Cities 1790-2010
pecheneg
Rides in Walt Disney World
pecheneg
Most Oscar Losses (Acting)
pecheneg
Beyoncé Albums
pecheneg
Trending Topics
Harry Potter
Crossword
NBA
Kpop
Disney
Anime
Marvel
Country
WWE
NFL
Song
Puzzle
Soccer
Pokémon
The Office
Your Account Isn't Verified!
In order to create a playlist on Sporcle, you need to verify the email address you used during registration. Go to your
Sporcle Settings
to finish the process.
Report this User
Report this user for behavior that violates our
Community Guidelines
.
Details:
Send Report
Go to the Sporcle.com Mobile Site →
Comments